000
00275nam a22001217a 4500
008
171020b xxu||||| |||| 00| 0 eng d
041
_a
eng
080
_a
338
100
_a
54
101
_a
MIS
245
_a
THE INFORMATION SYSTEMS ENVIRONMENT
_c
LUCAS, H.C
942
_2
udc
_c
BK
999
_c
35103
_d
35103